| Tag |
First Indicator |
Second Indicator |
Subfields |
| LEADER |
00000cam a2200000 a 4500 |
| 001 |
in00000048937 |
| 005 |
20151007075749.0 |
| 008 |
800401s1980 nyua j 00011 engm |
| 010 |
|
|
|a 80014069
|
| 020 |
|
|
|a 051753911X :
|c $7.95
|
| 035 |
|
|
|a (OCoLC)06250394
|
| 035 |
|
|
|9 AAF3771AM
|
| 040 |
|
|
|a DLC
|c DLC
|d m.c.
|d OCL
|d TXA
|d UtOrBLW
|
| 049 |
|
|
|a [Curr Col.] TXAM
|c [1362421]
|
| 050 |
0 |
0 |
|a PZ7 W762
|b Si
|
| 082 |
0 |
|
|a [E]
|
| 100 |
1 |
|
|a Winter, Paula.
|
| 245 |
1 |
0 |
|a Sir Andrew /
|c by Paula Winter.
|
| 264 |
|
1 |
|a New York :
|b Crown Publishers,
|c [1980]
|
| 264 |
|
4 |
|c ©1980
|
| 300 |
|
|
|a 42 unnumbered pages :
|b color illustrations ;
|c 19 x 22 cm.
|
| 336 |
|
|
|a text
|b txt
|2 rdacontent
|
| 337 |
|
|
|a unmediated
|b n
|2 rdamedia
|
| 338 |
|
|
|a volume
|b nc
|2 rdacarrier
|
| 520 |
|
|
|a A very dapper but very vain donkey takes an eventful promenade one windy day.
|
| 650 |
|
1 |
|a Pride and vanity
|x Fiction.
|
| 650 |
|
1 |
|a Donkeys
|x Fiction.
|
| 650 |
|
1 |
|a Stories without words.
|
| 999 |
|
|
|a MARS
|
| 999 |
f |
f |
|s b9ae7d0b-37f6-3e69-b061-af98e5fa1d25
|i 60416410-af91-3d10-b4e3-ac220d8619e6
|t 0
|
| 952 |
f |
f |
|p ric
|a Texas A&M University
|b Rellis Campus
|c Joint Library Facility
|d Remote Storage
|t 0
|e PZ7 W762 Si
|h Library of Congress classification
|i unmediated -- volume
|m A14805942050
|
| 998 |
f |
f |
|a PZ7 W762 Si
|t 0
|l Remote Storage
|